000 00219nam a22000857a 4500
008 170201b xxu||||| |||| 00| 0 eng d
100 _92724
_aSinsel.J.L.
245 _aEarth and Space Science-4-6
260 _aU.S.A.
_bC.D.
_c2007
999 _c5890
_d5890